00967 2200325 4500001002100000005001500021035002000036007000300056040001700059100003300076245011200109250001100221300003300232041000800265082000800273084001400281090001900295264004700314336002100361337003000382338002300412650002900435850001000464008004100474020001800515500003300533700003100566990002200597990002200619INLIS00000000000627120260418114402 a0010-0322000515ta aSBPUPADbind1 aSherraden MichaelePengarang1 aAset untuk Orang Miskin Perspektif Baru Usaha Pengentasan Kemiskinan /cMichael Sherraden ; editor, Kusmana a.-ed 1 av, 417 hlm. :bilus. ;c21cm1 aind a361 a361 SHE a a361 SHE a 12-5 a.--Jakarta :bRajaGraffindo Persada,c2006 2rdacontentaTeks 2rdamediaaTanpa Perantara 2rdacarrieravolume 4aKesejahteraan Masyarakat aPUPAD260418 0  a979-769-049-0 aprofil penulis: hlm, 417-4190 aeditor, KusmanaePengarang a1730/H/ARPUS/2007 a1729/H/ARPUS/2007